| 000 | 00559nam a2200181 a 4500 | ||
|---|---|---|---|
| 005 | 20210223123131.0 | ||
| 008 | 991125s1968 mx 000 0 spa u | ||
| 020 | _a9682438438 | ||
| 035 | _aUPN01000048156 | ||
| 049 | _aCG | ||
| 050 | 4 |
_aQA11 _bT4.18 no.8 |
|
| 245 | 0 | 0 |
_aProposiciones numéricas / _cNational Council of Teachers of Mathematics ; tr. Federico Galván Anaya. |
| 260 |
_aMéxico : _bTrillas, _c1968. |
||
| 300 |
_a58 p. : _bil. |
||
| 440 | 0 |
_aTemas de matemáticas. _pCuaderno ; _v8 |
|
| 650 | 4 |
_aNUMEROS, TEORIA DE LOS _915099 |
|
| 905 | _aLibro | ||
| 999 |
_c48156 _d48156 |
||